[Event "CORSICA MASTERS 2009"]
[Site "Bastia"]
[Date "2009.10.29"]
[Round "7.3"]
[White "Hamdouchi, Hicham"]
[Black "Kozakov, Mikhail"]
[Result "1-0"]
[WhiteElo "2590"]
[BlackElo "2437"]
[PlyCount "105"]

1. e4 e5 2. Nf3 Nc6 3. Bb5 a6 4. Ba4 Nf6 5. O-O Be7 6. Re1 d6 7. Bxc6+ bxc6 8.
d4 exd4 9. Nxd4 Bd7 10. Qf3 O-O 11. Nc3 Re8 12. h3 h6 13. Bf4 c5 14. Nb3 Be6
15. Na5 Bf8 16. Nc6 Qd7 17. e5 Nh7 18. Rad1 Kh8 19. exd6 cxd6 20. Ne5 Qc7 21.
Ng6+ fxg6 22. Rxe6 Rxe6 23. Qxa8 Qb6 24. Qc8 d5 25. Nxd5 Qc6 26. Qxc6 Rxc6 27.
Re1 g5 28. Bg3 Nf6 29. c4 Kh7 30. Kf1 a5 31. Be5 a4 32. Bxf6 gxf6 33. g4 Rc8
34. Re6 Bg7 35. Rb6 h5 36. Rb7 hxg4 37. hxg4 Kh8 38. Ne7 Re8 39. Nf5 Bf8 40.
Ra7 Rb8 41. Rxa4 Rxb2 42. Kg2 Kg8 43. Kf3 Rc2 44. Ke3 Kf7 45. f3 Rc1 46. Ra7+
Ke6 47. Ra8 Kf7 48. Kd3 Rd1+ 49. Ke4 Bd6 50. a4 Be5 51. a5 Ra1 52. Kd5 Kg6 53.
Ra7 1-0

[Event "CORSICA MASTERS 2009"]
[Site "Bastia"]
[Date "2009.10.29"]
[Round "7.5"]
[White "Shishkin, Vadim"]
[Black "Mullon, Jean-Baptiste"]
[Result "1-0"]
[WhiteElo "2511"]
[BlackElo "2368"]
[PlyCount "102"]

1. d4 d5 2. c4 c6 3. Nc3 Nf6 4. Nf3 dxc4 5. a4 Bf5 6. Ne5 Nbd7 7. Nxc4 Nb6 8.
Ne5 a5 9. f3 Nfd7 10. Nxd7 Nxd7 11. e4 Bg6 12. Be2 e6 13. O-O Bb4 14. Be3 O-O
15. Qb3 Qb6 16. Bf2 Rfe8 17. Rfd1 Qa7 18. Rac1 Rac8 19. Na2 Bf8 20. Bc4 h6 21.
Nc3 Bb4 22. Ne2 Qb8 23. Nc3 Bd6 24. g3 Bb4 25. Kg2 Nf6 26. Ne2 Nxe4 27. fxe4
Bxe4+ 28. Kg1 b5 29. Qe3 Bf5 30. axb5 cxb5 31. Bd3 Bxd3 32. Qxd3 Rcd8 33. Nc3
Bxc3 34. bxc3 Rd7 35. Ra1 a4 36. c4 bxc4 37. Qxc4 Ra7 38. Rxa4 Rxa4 39. Qxa4
Qb7 40. Ra1 Rc8 41. Qa2 Qb5 42. Qd2 Qb3 43. Qe3 Rc3 44. Qe4 Rc8 45. Kg2 Rd8 46.
Qf3 Qc2 47. Ra7 Qg6 48. h4 Rd5 49. Rc7 Rf5 50. Qe2 Qf6 51. Rc5 Rf3 1-0

[Event "CORSICA MASTERS 2009"]
[Site "Bastia"]
[Date "2009.10.29"]
[Round "7.6"]
[White "Prie, Eric"]
[Black "Dimitrov, Radoslav"]
[Result "1/2-1/2"]
[WhiteElo "2493"]
[BlackElo "2365"]
[PlyCount "82"]

1. d4 Nf6 2. Bf4 e6 3. e3 b6 4. Nf3 Bb7 5. Bd3 Be7 6. h3 c5 7. c3 O-O 8. Nbd2
d6 9. O-O Nbd7 10. Qe2 Qc7 11. Bh2 Rac8 12. Rfe1 Rfd8 13. a3 Qb8 14. e4 cxd4
15. cxd4 e5 16. Nc4 exd4 17. Nxd4 Ne5 18. Nf5 Bf8 19. Nxe5 dxe5 20. Bg3 g6 21.
Bh4 Rc6 22. Bb5 Re6 23. Bc4 Rc6 24. Ne3 Rd4 25. Bxf6 Rxf6 26. Bd5 Bxd5 27. Nxd5
Rc6 28. Rac1 Qc8 29. Rxc6 Qxc6 30. Qe3 f5 31. Rc1 Rc4 32. Rxc4 Qxc4 33. b4 fxe4
34. Nf6+ Kg7 35. Nxe4 Be7 36. f3 Qc2 37. Kh2 h6 38. Qe1 Qb2 39. Qe3 Qc2 40. Qe1
Qb2 41. Qe3 Qc2 1/2-1/2

[Event "CORSICA MASTERS 2009"]
[Site "Bastia"]
[Date "2009.10.29"]
[Round "7.7"]
[White "Gruenfeld, Yehuda"]
[Black "Wantiez, Fabrice"]
[Result "1-0"]
[WhiteElo "2474"]
[BlackElo "2339"]
[PlyCount "55"]

1. e4 e5 2. Nf3 Nc6 3. Bb5 a6 4. Ba4 Nf6 5. O-O Be7 6. Re1 b5 7. Bb3 d6 8. c3
O-O 9. h3 a5 10. a4 b4 11. d3 Ba6 12. Bg5 Rb8 13. Bxf6 Bxf6 14. Bc4 Bxc4 15.
dxc4 bxc3 16. bxc3 Ne7 17. Na3 c6 18. c5 d5 19. exd5 Qxd5 20. Qxd5 Nxd5 21.
Nxe5 Nxc3 22. Nac4 Rb4 23. Nxa5 Rxa4 24. Rxa4 Nxa4 25. Nd7 Bc3 26. Re4 Bxa5 27.
Nxf8 Kxf8 28. Rxa4 1-0

[Event "CORSICA MASTERS 2009"]
[Site "Bastia"]
[Date "2009.10.29"]
[Round "7.9"]
[White "Massoni, Michael"]
[Black "Karpatchev, Aleksandr"]
[Result "1/2-1/2"]
[WhiteElo "2291"]
[BlackElo "2477"]
[PlyCount "98"]

1. e4 e5 2. Nf3 Nc6 3. Bb5 a6 4. Ba4 Nf6 5. Qe2 b5 6. Bb3 Be7 7. O-O O-O 8. c3
d5 9. exd5 Nxd5 10. Nxe5 Nf4 11. Qe4 Nxe5 12. d4 Bb7 13. Qxb7 Ne2+ 14. Kh1 Nxc1
15. Rxc1 Nd3 16. Rf1 Nxb2 17. Qf3 c5 18. Qe2 cxd4 19. Qxb2 Bf6 20. Na3 dxc3 21.
Qe2 c2 22. Nxc2 Bxa1 23. Rxa1 Qf6 24. Re1 g6 25. Nb4 Rae8 26. Nd5 Qd4 27. Qxe8
Rxe8 28. Rxe8+ Kg7 29. h3 Qxf2 30. Re7 Qh4 31. Ra7 a5 32. Nb6 Qe1+ 33. Kh2 Qe5+
34. Kh1 Qd4 35. Rxf7+ Kh6 36. Rb7 Kg5 37. Nc8 Qa1+ 38. Kh2 Qe5+ 39. Kh1 a4 40.
Bg8 Qe8 41. Ne7 Kh6 42. Bd5 Qf8 43. Ng8+ Kg5 44. Rxh7 Qd6 45. Ne7 Qe5 46. Rf7
b4 47. Rh7 Qe1+ 48. Kh2 Qe5+ 49. Kh1 Qe1+ 1/2-1/2

[Event "CORSICA MASTERS 2009"]
[Site "Bastia"]
[Date "2009.10.29"]
[Round "7.25"]
[White "Geronimi, Pierre-Francois"]
[Black "Angelov, Zvetomir"]
[Result "1-0"]
[WhiteElo "1900"]
[BlackElo "2136"]
[PlyCount "77"]

1. e4 e5 2. Nf3 Nf6 3. Nxe5 d6 4. Nf3 Nxe4 5. Nc3 Nxc3 6. dxc3 Be7 7. Bf4 O-O
8. Qd2 Nd7 9. O-O-O Nc5 10. h4 Bg4 11. h5 Bf6 12. Bc4 Ne4 13. Qe3 Re8 14. Rhe1
Bxh5 15. Bd5 Nc5 16. Qd2 Ne6 17. Bxb7 Rb8 18. Bc6 Bxf3 19. gxf3 Re7 20. Be3 Qc8
21. Qd3 Nc5 22. Bxc5 dxc5 23. Rxe7 Bxe7 24. Bd5 Bd6 25. Rh1 g6 26. Qc4 Qf5 27.
Be4 Qg5+ 28. Kb1 Qg2 29. Rd1 Qxf2 30. Bd5 Rf8 31. Rf1 Qg3 32. f4 Kg7 33. a4 h5
34. f5 g5 35. f6+ Kg8 36. Qe4 Kh8 37. Bxf7 Rxf7 38. Qe8+ Bf8 39. Qxf7 1-0

[Event "CORSICA MASTERS 2009"]
[Site "Bastia"]
[Date "2009.10.30"]
[Round "8.1"]
[White "Sokolov, Ivan"]
[Black "Guliyev, Namig"]
[Result "1-0"]
[WhiteElo "2657"]
[BlackElo "2525"]
[PlyCount "93"]

1. d4 d5 2. c4 c6 3. Nf3 Nf6 4. Nc3 dxc4 5. a4 Bf5 6. e3 e6 7. Bxc4 Nbd7 8. a5
b5 9. axb6 axb6 10. Rxa8 Qxa8 11. Nh4 Bg4 12. f3 Bh5 13. g4 Bg6 14. e4 b5 15.
Bb3 b4 16. Ne2 c5 17. Nxg6 hxg6 18. g5 Nh5 19. Ba4 c4 20. Bb5 Bd6 21. e5 Be7
22. O-O Qa5 23. Bc6 Kd8 24. Be3 Kc7 25. Be4 Nb6 26. Qa1 Qxa1 27. Rxa1 Rb8 28.
Ra7+ Kd8 29. Kf2 Nd5 30. Bxd5 exd5 31. Ra5 Kc7 32. f4 Kc6 33. Kf3 Rb5 34. Ra8
Rb6 35. Nc1 Kd7 36. Ra7+ Ke6 37. Kg4 Rb8 38. Ne2 Rc8 39. h4 Rb8 40. Bd2 c3 41.
bxc3 b3 42. c4 Bb4 43. Bxb4 Rxb4 44. f5+ gxf5+ 45. Kxh5 f4 46. Kg4 f5+ 47. gxf6
1-0

[Event "CORSICA MASTERS 2009"]
[Site "Bastia"]
[Date "2009.10.30"]
[Round "8.4"]
[White "Dimitrov, Radoslav"]
[Black "Palac, Mladen"]
[Result "0-1"]
[WhiteElo "2365"]
[BlackElo "2576"]
[PlyCount "54"]

1. c4 e6 2. Nc3 d5 3. d4 Bb4 4. Nf3 Nf6 5. cxd5 exd5 6. Qa4+ Nc6 7. Ne5 Bd7 8.
Nxc6 Bxc3+ 9. bxc3 Bxc6 10. Qb3 Ne4 11. e3 Qg5 12. Ba3 O-O-O 13. Qb2 Rhe8 14.
h4 Qg6 15. Rh3 Re6 16. Rf3 a6 17. g3 Kb8 18. Bxa6 Rde8 19. Bd3 Qh5 20. Be2 Qh6
21. Rb1 g5 22. Bb5 b6 23. Rxf7 gxh4 24. gxh4 Qg6 25. Bxc6 Rxc6 26. Rf4 Qg1+ 27.
Ke2 Qxb1 0-1

[Event "CORSICA MASTERS 2009"]
[Site "Bastia"]
[Date "2009.10.30"]
[Round "8.5"]
[White "Maslak, Konstantin"]
[Black "Prie, Eric"]
[Result "1-0"]
[WhiteElo "2551"]
[BlackElo "2493"]
[PlyCount "61"]

1. e4 d5 2. exd5 Qxd5 3. Nc3 Qa5 4. d4 Nf6 5. Nf3 Bf5 6. Bc4 e6 7. Bd2 Bb4 8.
a3 Bxc3 9. Bxc3 Qb6 10. Ne5 Nc6 11. Bb3 O-O-O 12. Nc4 Qa6 13. O-O e5 14. d5
Nxd5 15. Qf3 Bxc2 16. Bxc2 Qxc4 17. Qxf7 Rhf8 18. Qe6+ Kb8 19. Rfe1 Rd6 20. Qh3
Nf4 21. Qe3 a6 22. Be4 Nd4 23. Kh1 Rh6 24. Rad1 Qf7 25. Bxd4 Rxh2+ 26. Kxh2
Qh5+ 27. Kg1 exd4 28. Bf3 Nh3+ 29. Kh2 Qh4 30. Qe4 Nf4+ 31. Kg1 1-0

[Event "CORSICA MASTERS 2009"]
[Site "Bastia"]
[Date "2009.10.30"]
[Round "8.6"]
[White "Vuilleumier, Alexandre"]
[Black "Bujisho, Benjamin"]
[Result "0-1"]
[WhiteElo "2332"]
[BlackElo "2403"]
[PlyCount "94"]

1. e4 c5 2. Nf3 e6 3. d4 cxd4 4. Nxd4 Qb6 5. Nb3 Nc6 6. Bd3 Nf6 7. O-O Be7 8.
c4 d6 9. Nc3 O-O 10. Be3 Qc7 11. Rc1 Ne5 12. Be2 b6 13. f4 Ned7 14. Bf3 Bb7 15.
Nb5 Qb8 16. Nd2 Rc8 17. Qe2 a6 18. Nc3 Bc6 19. b4 Ra7 20. Nb3 Ba8 21. g4 Rac7
22. g5 Ne8 23. Na4 b5 24. cxb5 axb5 25. Nb2 d5 26. exd5 Bxd5 27. Bxd5 exd5 28.
Rxc7 Rxc7 29. Nd3 Nd6 30. Ndc5 Nxc5 31. Nxc5 Qc8 32. Rd1 Qf5 33. Rd4 h6 34.
gxh6 Bf6 35. Rd3 Re7 36. Qg2 d4 37. Bf2 Re2 38. Qa8+ Kh7 39. hxg7 Bxg7 40. Kf1
Rc2 41. Ra3 d3 42. Qf3 d2 43. Ra5 Rc1+ 44. Kg2 Qg5+ 45. fxg5 d1=Q 46. g6+ fxg6
47. Qh3+ Qh5 0-1

[Event "CORSICA MASTERS 2009"]
[Site "Bastia"]
[Date "2009.10.30"]
[Round "8.7"]
[White "Karpatchev, Aleksandr"]
[Black "Davitian, Achot"]
[Result "1-0"]
[WhiteElo "2477"]
[BlackElo "2261"]
[PlyCount "69"]

1. e4 c5 2. Nf3 e6 3. c3 d5 4. e5 d4 5. Bd3 Nc6 6. O-O g5 7. Be4 g4 8. Ne1 Nxe5
9. f4 Ng6 10. Qe2 Bd6 11. g3 N8e7 12. Na3 f5 13. Bg2 a6 14. Nc4 Rb8 15. cxd4
cxd4 16. a4 b5 17. axb5 axb5 18. Nxd6+ Qxd6 19. b4 h5 20. Nd3 h4 21. Bb2 hxg3
22. hxg3 Kf7 23. Ra7 Qb6 24. Rfa1 Rd8 25. Nc5 Rd6 26. Qf2 Qd8 27. Nb3 e5 28.
fxe5 Nxe5 29. Re1 N5g6 30. Bxd4 Be6 31. Nc5 f4 32. gxf4 g3 33. Qxg3 Rxd4 34.
Rxe6 Qg8 35. Rxg6 1-0

[Event "CORSICA MASTERS 2009"]
[Site "Bastia"]
[Date "2009.10.30"]
[Round "8.9"]
[White "Caspi, Israel"]
[Black "Nieminen, Kari"]
[Result "1-0"]
[WhiteElo "2404"]
[BlackElo "2219"]
[PlyCount "100"]

1. e4 c5 2. Nf3 Nc6 3. d4 cxd4 4. Nxd4 Nf6 5. Nc3 d6 6. f3 e5 7. Nb3 Be7 8. Be3
O-O 9. Qd2 a5 10. Bb5 Na7 11. Be2 Nc6 12. O-O a4 13. Nc1 a3 14. Rb1 Be6 15. Nd5
Bxd5 16. exd5 axb2 17. Rxb2 Nd4 18. Bxd4 exd4 19. Rxb7 Nd7 20. Nb3 Qc8 21. Qb4
Rxa2 22. Qb5 Qxc2 23. Nc1 d3 24. Nxa2 dxe2 25. Re1 Bh4 26. g3 Ne5 27. Qxe2 Qc5+
28. Kg2 Bf6 29. Rb5 Qa3 30. Nb4 g6 31. f4 Nd7 32. Qd3 Qa4 33. Nc6 Nc5 34. Qe2
Kg7 35. h4 Bc3 36. Reb1 Ra8 37. Kh3 Bf6 38. Ne5 h5 39. Nc4 Qa7 40. Rb6 Qd7+ 41.
Kh2 Re8 42. Qf3 Ne4 43. f5 Bd4 44. fxg6 Bxb6 45. gxf7 Qxf7 46. Qxf7+ Kxf7 47.
Rxb6 Ke7 48. Rb7+ Kf6 49. Rh7 Kg6 50. Rc7 Nc5 1-0

[Event "CORSICA MASTERS 2009"]
[Site "Bastia"]
[Date "2009.10.30"]
[Round "8.23"]
[White "Humeau, Cyril"]
[Black "Utrera, Ludovic"]
[Result "1-0"]
[WhiteElo "2171"]
[BlackElo "1829"]
[PlyCount "113"]

1. Nf3 Nf6 2. g3 c5 3. c4 Nc6 4. Bg2 g6 5. Nc3 Bg7 6. O-O O-O 7. d4 cxd4 8.
Nxd4 Nxd4 9. Qxd4 d6 10. Qd3 Rb8 11. h3 Be6 12. Kh2 Qa5 13. Nd5 Nxd5 14. cxd5
Bd7 15. a4 Qb4 16. Qe4 Qxe4 17. Bxe4 Rbc8 18. Bd3 Rc7 19. Be3 Bxb2 20. Ra2 Bg7
21. Bxa7 Rfc8 22. Rb1 h5 23. Bb6 Rc1 24. Rxc1 Rxc1 25. a5 e6 26. dxe6 Bxe6 27.
Rc2 Rxc2 28. Bxc2 Bc4 29. e3 Kf8 30. Be4 d5 31. Bc2 Bb5 32. Bb3 Bc6 33. Bd4 f6
34. Kg2 Kf7 35. f4 Ke6 36. Kf3 Bf8 37. Bc2 f5 38. g4 Bb4 39. gxh5 gxh5 40. Bb6
Bb5 41. Kf2 Be7 42. Kg3 Bb4 43. Kh4 Be2 44. Kg5 Be7+ 45. Kg6 h4 46. Bxf5+ Kd6
47. Kf7 Bc4 48. Be6 Bf1 49. Bc8 Bg2 50. Bg4 d4 51. Bxd4 Bd8 52. Bc3 Bd5+ 53.
Kg7 b6 54. a6 b5 55. Bc8 Bb6 56. Be5+ Ke7 57. Bb7 1-0

[Event "CORSICA MASTERS 2009"]
[Site "Bastia"]
[Date "2009.10.31"]
[Round "9.2"]
[White "Bujisho, Benjamin"]
[Black "Malaniuk, Vladimir P"]
[Result "1/2-1/2"]
[WhiteElo "2403"]
[BlackElo "2586"]
[PlyCount "104"]

1. e4 e5 2. Nf3 Nc6 3. Bb5 g6 4. O-O Bg7 5. c3 a6 6. Ba4 d6 7. d4 Bd7 8. d5
Nce7 9. Bxd7+ Qxd7 10. c4 h6 11. Nc3 f5 12. Ne1 Nf6 13. f3 O-O 14. Nd3 c5 15.
a4 a5 16. Bd2 f4 17. g4 g5 18. h3 h5 19. Be1 Ng6 20. b3 Kf7 21. Ra2 Rh8 22. Rg2
Rh7 23. Kf2 hxg4 24. hxg4 Rh3 25. Ke2 Rah8 26. Kd2 Bf8 27. Qe2 Ke8 28. Rfg1 b6
29. Nf2 R3h6 30. Nd3 Qh7 31. Kc2 Rh3 32. Nf2 Rh6 33. Nd3 Qg7 34. Nb1 R8h7 35.
Nd2 Qh8 36. Nf1 Be7 37. Kc1 Nd7 38. Kc2 Rh3 39. Nf2 R3h6 40. Nd3 Ndf8 41. Kc1
Nh4 42. Rf2 Nhg6 43. Rfg2 Nd7 44. Kc2 Nb8 45. Kc1 Na6 46. Kc2 Bd8 47. Kc1 Kd7
48. Kc2 Rh3 49. Nf2 R3h6 50. Nd3 Rh3 51. Nf2 R3h6 52. Nd3 Rh3 1/2-1/2

[Event "CORSICA MASTERS 2009"]
[Site "Bastia"]
[Date "2009.10.31"]
[Round "9.3"]
[White "Palac, Mladen"]
[Black "Maslak, Konstantin"]
[Result "1/2-1/2"]
[WhiteElo "2576"]
[BlackElo "2551"]
[PlyCount "83"]

1. e4 e6 2. d4 d5 3. Nd2 dxe4 4. Nxe4 Nd7 5. Nf3 Ngf6 6. Nxf6+ Nxf6 7. c3 Be7
8. Bd3 O-O 9. Bg5 b6 10. O-O Bb7 11. Re1 c5 12. dxc5 Bxc5 13. Qe2 h6 14. Bh4
Qd5 15. Bxf6 gxf6 16. Rad1 Qh5 17. Be4 Bxe4 18. Qxe4 Rfd8 19. Qh4 Qxh4 20. Nxh4
Kf8 21. Kf1 Rxd1 22. Rxd1 Ke7 23. Ke2 Rg8 24. g3 a5 25. Nf3 h5 26. Nd4 Bxd4 27.
Rxd4 Rg5 28. Rc4 Kd7 29. Rd4+ Ke7 30. Rc4 Re5+ 31. Kf3 Rf5+ 32. Ke2 Re5+ 33.
Kf3 Kd7 34. Rd4+ Ke7 35. Rc4 Kd7 36. Rd4+ Ke7 37. Rc4 Rf5+ 38. Ke2 Kd7 39. Rd4+
Ke7 40. Rc4 Kd7 41. Rd4+ Ke7 42. Rc4 1/2-1/2

[Event "CORSICA MASTERS 2009"]
[Site "Bastia"]
[Date "2009.10.31"]
[Round "9.7"]
[White "Njili, Kamel"]
[Black "Caspi, Israel"]
[Result "0-1"]
[WhiteElo "2316"]
[BlackElo "2404"]
[PlyCount "70"]

1. d4 f5 2. c4 Nf6 3. Nc3 g6 4. g3 Bg7 5. Bg2 O-O 6. Bg5 Nc6 7. Qd2 d6 8. h4 e5
9. dxe5 Nxe5 10. b3 Qe8 11. Rd1 Neg4 12. Nd5 Ne4 13. Bxe4 fxe4 14. Nxc7 Qf7 15.
Qd5 Nxf2 16. Qxf7+ Rxf7 17. Nxa8 Nxh1 18. Rxd6 Nxg3 19. Rd8+ Rf8 20. Rxf8+ Kxf8
21. Nc7 Nf5 22. Nd5 Kf7 23. Ne3 Nd4 24. Nf1 h6 25. Be3 Bf6 26. Kd2 Ne6 27. Bxa7
Bxh4 28. Bb8 g5 29. e3 Kg6 30. Ne2 Kh5 31. Nc3 Kg4 32. Nxe4 Kf3 33. Nf6 Kg2 34.
Ke2 g4 35. Bf4 Bxf6 0-1

[Event "CORSICA MASTERS 2009"]
[Site "Bastia"]
[Date "2009.10.31"]
[Round "9.8"]
[White "Prie, Eric"]
[Black "Vlashki, Nino"]
[Result "1-0"]
[WhiteElo "2493"]
[BlackElo "2288"]
[PlyCount "45"]

1. d4 Nf6 2. Bf4 e6 3. e3 c5 4. c3 cxd4 5. cxd4 Qb6 6. Qc2 Nc6 7. a3 Nd5 8. Bg3
f5 9. Nc3 Qa5 10. Bc4 f4 11. Bxd5 fxg3 12. Be4 gxf2+ 13. Qxf2 d5 14. Bd3 Be7
15. Nge2 Bf6 16. O-O O-O 17. Nf4 Bd7 18. Qc2 h6 19. b4 Qd8 20. Bh7+ Kf7 21. Ng6
Re8 22. Nb5 Qb8 23. Qc5 1-0

[Event "CORSICA MASTERS 2009"]
[Site "Bastia"]
[Date "2009.10.31"]
[Round "9.11"]
[White "Massoni, Michael"]
[Black "Lehtivaara, Petri"]
[Result "0-1"]
[WhiteElo "2291"]
[BlackElo "2377"]
[PlyCount "52"]

1. e4 e6 2. d4 d5 3. Nc3 Bb4 4. e5 Ne7 5. Nf3 c5 6. a3 Bxc3+ 7. bxc3 Qa5 8. Qd2
b6 9. Rb1 Ba6 10. Bxa6 Nxa6 11. O-O Rc8 12. Qg5 Nf5 13. Bd2 Qa4 14. dxc5 Nxc5
15. Rb4 Qd7 16. g4 h6 17. Qh5 Ne7 18. g5 g6 19. Qh3 h5 20. Nd4 Ne4 21. Nb5 Nf5
22. Rd1 Rc5 23. a4 Nxd2 24. Rxd2 O-O 25. c4 a5 26. Rb1 Rxc4 0-1

[Event "CORSICA MASTERS 2009"]
[Site "Bastia"]
[Date "2009.10.31"]
[Round "9.14"]
[White "Geronimi, Pierre-Francois"]
[Black "Vuilleumier, Alexandre"]
[Result "0-1"]
[WhiteElo "1900"]
[BlackElo "2332"]
[PlyCount "68"]

1. e4 c5 2. Nf3 d6 3. d4 cxd4 4. Nxd4 Nf6 5. Nc3 a6 6. Rg1 e5 7. Nb3 Be6 8. g4
d5 9. g5 Nxe4 10. Nxe4 dxe4 11. Qxd8+ Kxd8 12. Bg2 Nd7 13. Be3 h6 14. gxh6 g6
15. Bxe4 Kc7 16. O-O-O Bxh6 17. Rg2 Bxe3+ 18. fxe3 Rh3 19. Rd3 Rah8 20. Rc3+
Kb8 21. Na5 R3h4 22. Bd3 Rxh2 23. Rxh2 Rxh2 24. Be4 Nf6 25. Bxb7 g5 26. b4 g4
27. Bxa6 g3 28. b5 g2 29. b6 g1=Q+ 30. Kb2 Bd7 31. Rc7 Qg2 32. Bb7 Qd2 33. Rc3
Qd6 34. Rb3 Qc5 0-1